00703cam a2200217 a 4500001000500000005001700005020001800022040004500040050002100085082001000106100001700116245004200133260004000175300005900215505000800274520012300282521002000405521002000425650001900445650002100464380120240508151217.0 a9780142413050 aDLCcDLCdIG#dBAKERdCD5dXY4dDLCbeng00aPZ7.K15645b200500a813.61 aKasza, Keiko14aThe dog who cried wolf /cKeiko Kasza aNew York :bPenguin Group ; c2005. a32 unnumbered pages : bcolor illustrations ; c27 cm. aJ  aTired of being a house pet, Moka the dog moves to the mountains to become a wolf but soon misses the comforts of home. a480 bLexile  aJ bRaz-Plus  1aDogsvFiction. 1aWolvesvFiction.